Click the Dog Breeds which Actually Exist Quiz Stats

 Plays Quiz not verified by Sporcle

Challenge
Share
Tweet
Embed
Score 0/25 Timer 05:00
0 Plays Today
% Correct
Swedish Vallhund
73.7%
Dandie Dinmont Terrier
68.4%
Indian Spitz
68.4%
Karelian Bear Dog
66.7%
Coton de Tulear
66.7%
Treeing Walker Coonhound
64.9%
Saarlooswolfhound
64%
Jagdterrier
64%
Dutch Smoushond
60.5%
Korean Jindo Dog
57.9%
Schapendoes
57%
Alaskan Klee Kai
56.1%
Pudelpointer
56.1%
% Correct
Lagotto Romagnolo
56.1%
Pumi
55.3%
Boerboel
51.8%
Small Greek Domestic Dog
50%
Kromfohrlander
50%
Azawakh
48.2%
Taigan
43.9%
Billy
43%
Utonagan
40.4%
McNab
38.6%
Dunker
36.8%
Elo
36%

You're not logged in!

Compare scores with friends on all Sporcle quizzes.
Join for Free
OR
Log In

You Might Also Like...

Show Comments

Extras

Created Apr 27, 2012ReportNominate
Tags:Clickable Quiz, actual, breed, dog, exist

Top Quizzes Today


Score Distribution

Your Account Isn't Verified!

In order to create a playlist on Sporcle, you need to verify the email address you used during registration. Go to your Sporcle Settings to finish the process.

Report this User

Report this user for behavior that violates our Community Guidelines.

Details: